| Поле | Название | Значение |
| |
Тип записи |
i |
| |
Библиографический уровень |
m |
| 001 |
Контрольный номер |
RU/IS/BASE/275566198 |
| 005 |
Дата корректировки |
20250218102243.2 |
| 010 |
Индекс ISBN |
__ |
| d |
Цена |
151-63 |
| 101 |
Язык документа |
0_ |
| a |
Язык текста |
rus |
| c |
Язык оригинала |
fre |
| 200 |
Заглавие и сведения об ответственности |
1_ |
| a |
Заглавие |
Новеллы |
| e |
Сведения, относящиеся к заглавию |
[аудиокнига] |
| f |
Первые сведения об ответственности |
Проспер Мериме ; читает Борис Хасанов |
| b |
Общее обозначение материала |
Звукозапись |
| 210 |
Выходные данные |
1_ |
| a |
Место издания |
СПб. |
| c |
Издательство |
ВИРА-М |
| d |
Дата издания |
2007 |
| 215 |
Физическое описание |
__ |
| a |
Объем |
1 электрон. опт. диск (Audio CD) (5 ч.) |
| 225 |
Серия |
2_ |
| a |
Серия |
Аудиокнига MP3 |
| 300 |
Общие примечания |
__ |
| a |
Общие примечания |
AudioCD ; mp3 |
| 323 |
Примечание о главных создателях, исполнителях, участниках |
__ |
| a |
Примечание о главных создателях, исполнителях, участниках |
Хасанов, Б. (читает) |
| 327 |
Примечание о содержании |
0_ |
| a |
Примечание о содержании |
Двойная ошибка |
| 327 |
Примечание о содержании |
0_ |
| a |
Примечание о содержании |
Партия в триктрак |
| 327 |
Примечание о содержании |
0_ |
| a |
Примечание о содержании |
Локис. Рукопись профессора Виттенбаха |
| 327 |
Примечание о содержании |
0_ |
| a |
Примечание о содержании |
Переулок госпожи Лукреции |
| 333 |
Примечание о целевом назначении |
__ |
| a |
Примечание о целевом назначении |
16+. Для детей старше 16 лет |
| 606 |
Тематические рубрики |
__ |
| a |
Основная рубрика |
Художественная литература |
| 606 |
Тематические рубрики |
__ |
| a |
Основная рубрика |
Литература Европы (произведения) |
| y |
Географическая подрубрика |
Франция |
| 610 |
Ключевые слова |
0_ |
| a |
Ключевые слова |
иностранная литература; зарубежная литература; французская литература; новеллы; тема патриотизма; тема приключений; тема человека |
| 686 |
Индексы других классификаций |
__ |
| a |
Классификационный индекс |
84(4Фра)-4я04 |
| 700 |
Автор |
_1 |
| a |
Фамилия |
Мериме |
| b |
Имя |
П. |
| g |
Полное личное имя |
Проспер |
| 4 |
Код отношения |
070 |
| 801 |
Источник записи |
_0 |
| a |
Страна |
RU |
| b |
Организация |
Муниципальное бюджетное учреждение культуры "Централизованная библиотечная система" г. Сургут (Центральная городская библиотека им. А. С. Пушкина) |
| g |
Правила каталогизации |
КиК/Поспелова |
| 801 |
Источник записи |
_1 |
| a |
Страна |
RU |
| b |
Организация |
Муниципальное бюджетное учреждение культуры "Централизованная библиотечная система" г. Сургут (Центральная городская библиотека им. А. С. Пушкина) |
| g |
Правила каталогизации |
КиК/Поспелова |
| 852 |
Данные о местонахождении |
__ |
| j |
Шифр хранения |
84(4Фра)-4я04 |
| c |
Каталожный индекс |
84(4Фра)-4я04 |
| i |
Авторский знак |
М 52 |
| 901 |
Тип документа |
__ |
| t |
Тип документа |
0 |
| 903 |
Характеристики (МАРС) |
__ |
| a |
Дата передачи |
20081022 |
| 969 |
Тип издания |
__ |
| a |
Тип издания |
аудиокнига; сборник |
| 990 |
Данные о заказе (DOS) |
__ |
| j |
Количество экземпляров (DOS) |
3 |
| h |
N записи в КСУ для Б/У (DOS) |
200810 |